| 000 | 00390nam a2200145 a 4500 | ||
|---|---|---|---|
| 001 | 134 | ||
| 003 | CDMR | ||
| 005 | 20130306103744.0 | ||
| 008 | 130130s1998||||||||||||||||||||||||||||d | ||
| 040 |
_aCDMR _bcat _cCDMR |
||
| 100 | 1 |
_aCamí, Jordi _9111 |
|
| 245 | 1 | 0 |
_aAlbània, dia a dia _cCAMÍ, Jordi |
| 260 |
_aSant Cugat del Vallès _c1998 _bAjuntament de Sant Cugat del Vallès |
||
| 942 |
_cMON _2udc |
||
| 999 |
_c134 _d134 |
||